| 000 | 00800nam a2200217Ii 4500 | ||
|---|---|---|---|
| 003 | JO-AjNU | ||
| 008 | 230605s9999||||xx |||||||||||||| ||und|| | ||
| 017 | _a2000/1990 | ||
| 020 | _a977-327-044-0 | ||
| 040 |
_aJO-AjNU _bara _erda _cJO-AjNU |
||
| 041 | _aara | ||
| 050 | 1 | 4 | _aPJ7842.S5342 2000 |
| 100 | 3 |
_aتأليف فورد،دونالد ريد ؛ ترجمة بيومي قنديل, _eauthor _920524 |
|
| 245 | 0 | 0 | _aأخناتون ذلك الفرعون المارق |
| 264 | 3 | 1 | _aالإسكندرية:دار الوفاء لدنيا الطباعة والنشر،2000 |
| 300 |
_a337ص _bمصور |
||
| 336 |
_atext _btxt _2rdacontent |
||
| 337 |
_aunmediated _bn _2rdamedia |
||
| 338 |
_avolume _bnc _2rdacarrier |
||
| 650 | 4 |
_aمصر - تاريخ - حضارة - العصر الفرعوني _920525 |
|
| 999 |
_aA6971 _c10539 _d10539 |
||